000 00670nam a2200229 i 4500
001 13680
003 ES-MaACL
005 20240502063035.0
007 t|
008 980527s1991 sp ||||1| spa d
020 _a84-87095-79-8
080 _a821.134.2-14"19"
100 0 _aNúñez, Aníbal,
_d1945-
_986140
245 1 0 _aNaturaleza no recuperable
_b: (herbario y elegías), 1972-1974 /
_cAníbal Núñez.
250 _a1ª ed.
260 _aMadrid :
_bLibertarias/Prodhufi,
_c1991.
300 _a56 p. ;
_c20 cm.
490 1 _aPoesía ;
_v10
830 0 _aPoesía ;
_v10
_9177794
852 _aES-MaACL
_jL-20946
_bR.121951
999 _c13680
_d13680